000 00508nam a22001937a 4500
003 OSt
005 20140310181701.0
008 121119t xxu||||| |||| 00| 0 eng d
020 _a0861638492
050 _aPZ 7
_b.B661 1996
082 _aKF
_bB62d 1996
100 _aBlyton, Enid
_94844
245 _aThe Donkey on the Sands and other stories
_cby Enid Blyton
260 _aLondon
_bward Publications Ltd.
_c1996
300 _a187
_c20 cm.
541 _j1
562 _e1
942 _2lcc
_cBK-KF
_kKF
999 _c1231
_d1231